Introducing public administration / (Record no. 10252)
[ view plain ]
| 000 -LEADER | |
|---|---|
| fixed length control field | 01222cam a22003615a 4500 |
| 001 - CONTROL NUMBER | |
| control field | 15147161 |
| 005 - DATE AND TIME OF LATEST TRANSACTION | |
| control field | 20150816140617.0 |
| 008 - FIXED-LENGTH DATA ELEMENTS--GENERAL INFORMATION | |
| fixed length control field | 080118t2009 nyua frb 001 0 eng d |
| 010 ## - LIBRARY OF CONGRESS CONTROL NUMBER | |
| LC control number | 2008002453 |
| 020 ## - INTERNATIONAL STANDARD BOOK NUMBER | |
| International Standard Book Number | 0205607675 |
| 020 ## - INTERNATIONAL STANDARD BOOK NUMBER | |
| International Standard Book Number | 9780205607679 |
| 035 ## - SYSTEM CONTROL NUMBER | |
| System control number | (OCoLC)ocn191090394 |
| 035 ## - SYSTEM CONTROL NUMBER | |
| System control number | (OCoLC)191090394 |
| 040 ## - CATALOGING SOURCE | |
| Original cataloging agency | DLC |
| Language of cataloging | eng |
| Transcribing agency | DLC |
| Modifying agency | YDX |
| -- | EG-ScBUE |
| -- | BAKER |
| -- | YDXCP |
| -- | DLC |
| 050 00 - LIBRARY OF CONGRESS CALL NUMBER | |
| Classification number | JF1351 |
| Item number | .S448 2009 |
| 082 04 - DEWEY DECIMAL CLASSIFICATION NUMBER | |
| Classification number | 351 |
| Item number | SHA |
| Edition number | 22 |
| 100 1# - MAIN ENTRY--PERSONAL NAME | |
| Personal name | Shafritz, Jay M. |
| 9 (RLIN) | 27337 |
| 245 10 - TITLE STATEMENT | |
| Title | Introducing public administration / |
| Statement of responsibility, etc | Jay M. Shafritz, E. W. Russell, Christopher P. Borick. |
| 250 ## - EDITION STATEMENT | |
| Edition statement | 6th ed. |
| 260 ## - PUBLICATION, DISTRIBUTION, ETC. (IMPRINT) | |
| Place of publication, distribution, etc | New York : |
| Name of publisher, distributor, etc | Pearson Longman, |
| Date of publication, distribution, etc | c.2009. |
| 300 ## - PHYSICAL DESCRIPTION | |
| Extent | xxii, 582 p. : |
| Other physical details | ill. ; |
| Dimensions | 25 cm. |
| 500 ## - GENERAL NOTE | |
| General note | Glossary : p. 561-567. |
| 500 ## - GENERAL NOTE | |
| General note | Index : p. 569-582. |
| 504 ## - BIBLIOGRAPHY, ETC. NOTE | |
| Bibliography, etc | Includes bibliographical references. |
| 590 ## - LOCAL NOTE (RLIN) | |
| Local note | yassmeen ashraf |
| 650 #0 - SUBJECT ADDED ENTRY--TOPICAL TERM | |
| Topical term or geographic name as entry element | Public administration |
| Form subdivision | Textbooks. |
| 9 (RLIN) | 27338 |
| Source of heading or term | BUEsh |
| 651 ## - SUBJECT ADDED ENTRY--GEOGRAPHIC NAME | |
| Source of heading or term | BUEsh |
| 653 ## - INDEX TERM--UNCONTROLLED | |
| Resource For college | BAEPS, Business Administration |
| Arrived date list | August2015 |
| 700 1# - ADDED ENTRY--PERSONAL NAME | |
| Personal name | Russell, E. W. |
| Fuller form of name | (Edward W.) |
| 9 (RLIN) | 27339 |
| 700 1# - ADDED ENTRY--PERSONAL NAME | |
| Personal name | Borick, Christopher P. |
| 9 (RLIN) | 27340 |
| 942 ## - ADDED ENTRY ELEMENTS (KOHA) | |
| Source of classification or shelving scheme | Dewey Decimal Classification |
| Item type | Book - Borrowing |
| Withdrawn status | Item status | Source of classification or shelving scheme | Damaged status | Not for loan | Home library | Current library | Shelving location | Date acquired | Source of acquisition | Total Checkouts | Total Renewals | Full call number | Barcode | Date last seen | Date last borrowed | Koha item type | Vendor |
|---|---|---|---|---|---|---|---|---|---|---|---|---|---|---|---|---|---|
| Dewey Decimal Classification | Central Library | Central Library | First floor | 23/10/2008 | Purchase | 24 | 62 | 351 SHA | 000013612 | 15/07/2025 | 30/10/2018 | Book - Borrowing | |||||
| Dewey Decimal Classification | Central Library | Central Library | First floor | 23/10/2008 | Purchase | 23 | 99 | 351 SHA | 000013608 | 15/07/2025 | 22/12/2015 | Book - Borrowing | |||||
| Dewey Decimal Classification | Central Library | Central Library | First floor | 19/10/2009 | 18 | 95 | 351 SHA | 000018387 | 15/07/2025 | 21/10/2018 | Book - Borrowing | ||||||
| Dewey Decimal Classification | Central Library | Central Library | First floor | 19/10/2009 | Purchase | 22 | 134 | 351 SHA | 000045983 | 15/07/2025 | 29/09/2018 | Book - Borrowing | Baccah | ||||
| Lost & Replaced | Dewey Decimal Classification | Central Library | Central Library | First floor | 22/09/2011 | Purchase | 11 | 134 | 351 SHA | 000013614 | 08/11/2017 | 27/11/2016 | Book - Borrowing | Baccah | |||
| Dewey Decimal Classification | Central Library | Central Library | First floor | 22/09/2011 | 4 | 351 SHA | 000019236 | 15/07/2025 | 19/12/2012 | NB - Book (Non borrowing) | Baccah | ||||||
| Dewey Decimal Classification | Central Library | Central Library | First floor | 26/11/2017 | Purchase | 2 | 21 | 351 SHA | 000042526 | 15/07/2025 | 26/09/2018 | Book - Borrowing | Baccah |